Percepción del Maestro en Torno a la supervisión y su impacto en la Calidad de la Educación en la Dirección Regional 06 (Record no. 1307)

MARC details
000 -LEADER
campo de control de longitud fija 02240nam a2200541Ia 4500
001 - NÚMERO DE CONTROL
campo de control 1403
008 - DATOS DE LONGITUD FIJA--INFORMACIÓN GENERAL
campo de control de longitud fija 241029s9999 xx 000 0 und d
010 ## - NÚMERO DE CONTROL DE LA BIBLIOTECA DEL CONGRESO
Número de control de LC 1307
041 ## - CÓDIGO DE IDIOMA
Código de lengua del texto/banda sonora o título independiente Español
082 ## - NÚMERO DE LA CLASIFICACIÓN DECIMAL DEWEY
Número de clasificación MAED 95-15
245 #0 - MENCIÓN DEL TÍTULO
Título Percepción del Maestro en Torno a la supervisión y su impacto en la Calidad de la Educación en la Dirección Regional 06
260 ## - PUBLICACIÓN, DISTRIBUCIÓN, ETC.
Lugar de publicación, distribución, etc. La Vega
300 ## - DESCRIPCIÓN FÍSICA
Extensión 100
520 ## - RESUMEN, ETC.
Sumario, etc. 36
520 ## - RESUMEN, ETC.
Sumario, etc. El propósito de este estudio fue describir la percepción actual de los maestros de la Regional 06 en torno a la acción de supervisión escolar y determinar el grado en que consideran que este último, propicia un mejoramiento de la calidad educacional.Fue una investigación descriptiva en base a una población de 5,502 docentes del sector público de la regional 06 y se seleccionó una muestra de 360 en total, usándose el muestreo probabilístico sistemático. Para obtener las informaciones se elaboró un cuestionario con 46 ítems distribuido en 4 secciones que abarcaban todas las variables.Los resultados obtenidos señalan una percepción y actitud hacia la acción de supervisión ligeramente favorable y positiva y respectivamente una percepción cercana a moderadamente favorable en cuanto a sí.
630 ## - PUNTO DE ACCESO ADICIONAL DE MATERIA--TÍTULO UNIFORME
Título uniforme Calidad Educativa
630 ## - PUNTO DE ACCESO ADICIONAL DE MATERIA--TÍTULO UNIFORME
Título uniforme Percepción Docente
630 ## - PUNTO DE ACCESO ADICIONAL DE MATERIA--TÍTULO UNIFORME
Título uniforme Supervisión
650 ## - PUNTO DE ACCESO ADICIONAL DE MATERIA--TÉRMINO DE MATERIA
Término de materia o nombre geográfico como elemento de entrada Calidad Docente
690 ## - PUNTO DE ACCESO ADICIONAL DE MATERIA LOCAL--TÉRMINO DE MATERIA (OCLC, RLIN)
Término de materia o nombre geográfico como elemento inicial Sintetizado
700 ## - ENTRADA AGREGADA--NOMBRE PERSONAL
Término indicativo de función/relación asesor
Nombre de persona De Los Santos , Saturnino
700 ## - ENTRADA AGREGADA--NOMBRE PERSONAL
Término indicativo de función/relación autor
Nombre de persona Estrella Valerio, Virgen
901 ## - ELEMENTOS DE DATOS A LOCAL LDA (RLIN)
a {"1":"Estrella Valerio"}
b {"1":"Virgen"}
902 ## - ELEMENTOS DE DATOS B LOCAL, LDB (RLIN)
a 1
903 ## - ELEMENTOS DE DATOS C LOCAL, LDC (RLIN)
a {"1":"De Los Santos "}
b {"1":"Saturnino "}
904 ## - ELEMENTOS DE DATOS D LOCAL, LDD (RLIN)
a Maestría en
905 ## - ELEMENTOS DE DATOS E LOCAL, LDE (RLIN)
a Administración de la Educación
906 ## - ELEMENTOS DE DATOS F LOCAL, LDF (RLIN)
a 2
907 ## - ELEMENTOS DE DATOS G LOCAL, LDG (RLIN)
a NO APLICA
908 ## - COLOCAR PARÁMETRO DE COMANDO (RLIN)
Colocar parámetro de comando NO APLICA
909 ## -
-- Pontificia Universidad Católica Madre y Maestra (PUCMM), Recinto Santiago
910 ## - DATOS DE OPCIÓN DEL USUARIO (OCLC)
Datos de opción del usuario NULL
-- NULL
911 ## - EQUIVALENCIA O REFERENCIA-CRUZADA-NOMBRE DE CONFERENCIA O REUNIÓN/CONGRESO [LOCAL, CANADÁ]
Nombre de congreso/reunión o jurisdicción como elemento de entrada ["1"]
912 ## -
-- NO APLICA
913 ## -
-- NULL
914 ## -
-- 08 de Febrero de 1995
915 ## -
-- NULL
916 ## -
-- NULL
917 ## -
-- NULL
918 ## -
-- NO APLICA
919 ## -
-- ["29","155","187"]
921 ## -
-- 11
922 ## -
-- 11
923 ## -
-- 0
924 ## -
-- NO APLICA
942 ## - ELEMENTOS DE ENTRADA SECUNDARIOS (KOHA)
Tipo de ítem Koha

No items available.

© 2024. Todos los Derechos Reservados. Desarrollado por IDEICE